| 000 | 00403nam a2200169Ia 4500 | ||
|---|---|---|---|
| 003 | GCL | ||
| 008 | 140319s9999 xx 000 0 eng d | ||
| 040 |
_aGCL / _cGCL |
||
| 082 | 0 | 4 |
_a616.23 _bR A |
| 100 | 1 | _aREES, JOHN | |
| 245 | 1 | 0 |
_aABC OF ASHMA / _cREES, JOHN |
| 700 | 1 | _aPRICE, JOHN | |
| 260 |
_a[S.N] : _bB M J PUBLISHING GROUP ، _c1995 |
||
| 300 | _a49 | ||
| 650 | 0 | 4 | _aASHMA |
| 942 |
_2ddc _cBK |
||
| 999 |
_c10847 _d10847 |
||